| 000 | 00829cam a2200289 4500 | ||
|---|---|---|---|
| 005 | 20260322212041.0 | ||
| 008 | data | ||
| 010 | _a 72092195 //r872 | ||
| 020 | _a038504674X | ||
| 020 | _a9780385046749 | ||
| 040 |
_aDLC _cDLC _dYUS |
||
| 043 | _an-us--- | ||
| 049 | _aYUSC | ||
| 050 | 0 |
_aHV9471 _b.W37 1973 |
|
| 100 | 1 |
_aWatterson, Kathryn, _d1942- |
|
| 245 | 1 | 0 |
_aWomen in prison/ _cKathryn Watterson. |
| 250 | _a[1st ed.] | ||
| 260 |
_aGarden City, N.Y., _bDoubleday, _c1973. |
||
| 300 |
_a465 p. _billus. _c22 cm. |
||
| 350 | _a{dollar}10.00 | ||
| 504 | _aBibliography: p. [453]-465. | ||
| 590 | _aBibliography: p. [453]-465. | ||
| 650 | 0 |
_aFemale offenders _zUnited States _vCase studies. |
|
| 650 | 0 |
_aWomen prisoners _zUnited States _vCase studies. |
|
| 650 | 0 |
_aReformatories for women _zUnited States. |
|
| 001 | data | ||
| 999 |
_c970 _d970 |
||